Administrative law (Record no. 259396)
[ view plain ]
| 000 -LEADER | |
|---|---|
| fixed length control field | 00355nam a22001457a 4500 |
| 003 - CONTROL NUMBER IDENTIFIER | |
| control field | OSt |
| 005 - DATE AND TIME OF LATEST TRANSACTION | |
| control field | 20220926151641.0 |
| 008 - FIXED-LENGTH DATA ELEMENTS--GENERAL INFORMATION | |
| fixed length control field | 220926b xxu||||| |||| 00| 0 eng d |
| 020 ## - INTERNATIONAL STANDARD BOOK NUMBER | |
| International Standard Book Number | 9780199692330 |
| 040 ## - CATALOGING SOURCE | |
| Transcribing agency | lcc |
| 100 ## - MAIN ENTRY--PERSONAL NAME | |
| Personal name | Peter Cane |
| 245 ## - TITLE STATEMENT | |
| Title | Administrative law |
| 260 ## - PUBLICATION, DISTRIBUTION, ETC. (IMPRINT) | |
| Place of publication, distribution, etc | Great Clarendon street |
| Name of publisher, distributor, etc | Oxford university |
| Date of publication, distribution, etc | 2011 |
| 942 ## - ADDED ENTRY ELEMENTS (KOHA) | |
| Source of classification or shelving scheme | Library of Congress Classification |
| Koha item type | Long Loan Books |
| Withdrawn status | Lost status | Source of classification or shelving scheme | Damaged status | Not for loan | Home library | Current library | Shelving location | Date acquired | Total Checkouts | Full call number | Barcode | Date last seen | Date checked out | Price effective from | Koha item type |
|---|---|---|---|---|---|---|---|---|---|---|---|---|---|---|---|
| Library of Congress Classification | Rongo University Library | Rongo University Library | General Stacks | 26/09/2022 | 1 | K 3400 .C36 2011 | 202200339 | 12/05/2026 | 25/10/2022 | 26/09/2022 | Long Loan Books | ||||
| Library of Congress Classification | Rongo University Library | Rongo University Library | 26/09/2022 | 6 | K 3400 .C36 2011 | 202200340 | 09/05/2025 | 28/03/2025 | 26/09/2022 | Long Loan Books |
